| 000 | 00507nam a2200133 a 4500 | ||
|---|---|---|---|
| 008 | 120416s1979 ||||||||||||||||| || u | ||
| 050 | _aHF 5549.M3 Bar | ||
| 100 | _aBartholomew, David J | ||
| 245 | 1 | 0 | _aStatistical techniques for manpower planning |
| 260 |
_aNew York _bJohn Wiley and Sons _c1979 |
||
| 300 | _axiii, 288p. : ill. | ||
| 350 | _a0.00 | ||
| 995 |
_D0.00 _FCBU-MAIN LIBRARY (Kitwe) _H1 _I0.00 _UAVAILABLE _ZMain Library Open Access Collection |
||
| 999 |
_c58313 _d58313 |
||